000 00677nam a2200241 i 4500
001 C2-0325268
003 PPAK
005 20180728123328.0
008 140123s2013 my |||| ||||| | may d
020 _a9789670528168
040 _aPPAK
_beng
_cPPAK
_erda
082 0 4 _a152.46
_223
090 0 0 _a152.46
_bJAN
_dG
245 0 0 _aJangan takut = don't be afraid
264 1 _aPuchong, Selangor :
_bJasmin Publications ,
_c2013
300 _axii, 531 pages ;
_c22 cm
336 _2rdacontent
_atext
337 _2rdamedia
_aunmediated
338 _2rdacarrier
_avolume
650 1 0 _aFear - Religious aspects
700 0 _aAhmad Safuan Al-Karami,
_ecompile
942 _ddc
_cB
999 _c125001
_d125001